[Event "Gelsenkirchen Silvester op 6th"]
[Site "Gelsenkirchen"]
[Date "2018.12.29"]
[Round "6"]
[White "Urbantat, Luis Peter"]
[Black "Schaller, Bettina"]
[Result "0-1"]
[WhiteElo "1291"]
[BlackElo "1513"]
[PlyCount "76"]
[EventDate "2018.12.27"]
[EventType "swiss"]
[EventRounds "7"]
[EventCountry "GER"]
[SourceTitle "CBM 188 Extra"]
[Source "ChessBase"]
[SourceDate "2019.02.26"]
[SourceVersion "1"]
[SourceVersionDate "2019.02.26"]
[SourceQuality "1"]

1. e4 d6 2. d4 Nf6 3. Nc3 g6 4. Nf3 Bg7 5. Bb5+ c6 6. Ba4 b5 7. Bb3 b4 8. e5 dxe5 9. dxe5 Qxd1+ 10. Nxd1 Nd5 11. 0-0 0-0 12. Bg5 e6 13. Ne3 Nd7 14. Nc4 Ba6 15. Rfe1 Bxc4 16. Bxc4 N7b6 17. Bb3 a5 18. a3 c5 19. axb4 axb4 20. Ba2 Rfc8 21. c3 bxc3 22. bxc3 Nxc3 23. Bb3 Nbd5 24. Rec1 Ne2+ 25. Kf1 Nxc1 26. Rxc1 Ra3 27. Bc4 Rc3 28. Bxd5 Rxc1+ 29. Bxc1 exd5 30. g4 Ra8 31. Ke2 Ra4 32. g5 Bf8 33. h4 Bg7 34. Ke3 Re4+ 35. Kd3 Bxe5 36. Nxe5 Rxe5 37. Bb2 Rf5 38. Bc3 Rf3+ 0-1

[Event "Gelsenkirchen Silvester op 6th"]
[Site "Gelsenkirchen"]
[Date "2018.12.28"]
[Round "3"]
[White "Schaller, Bettina"]
[Black "Lazarev, Daniel"]
[Result "1-0"]
[WhiteElo "1513"]
[BlackElo "855"]
[PlyCount "27"]
[EventDate "2018.12.27"]
[EventType "swiss"]
[EventRounds "7"]
[EventCountry "GER"]
[SourceTitle "CBM 188 Extra"]
[Source "ChessBase"]
[SourceDate "2019.02.26"]
[SourceVersion "1"]
[SourceVersionDate "2019.02.26"]
[SourceQuality "1"]

1. d4 d5 2. c4 Nf6 3. Nf3 Bg4 4. Qb3 Nc6 5. Qxb7 Na5 6. Qb5+ c6 7. Qa4 Qb6 8. c5 Qa6 9. e3 e6 10. Bxa6 Nc4 11. Qxc6+ Nd7 12. Qxa8+ Ke7 13. Qxa7 Bxf3 14. gxf3 1-0

[Event "Gelsenkirchen Silvester op 6th"]
[Site "Gelsenkirchen"]
[Date "2018.12.27"]
[Round "2"]
[White "Atali, Dodukan"]
[Black "Schaller, Bettina"]
[Result "1-0"]
[WhiteElo "1654"]
[BlackElo "1513"]
[PlyCount "47"]
[EventDate "2018.12.27"]
[EventType "swiss"]
[EventRounds "7"]
[EventCountry "GER"]
[SourceTitle "CBM 188 Extra"]
[Source "ChessBase"]
[SourceDate "2019.02.26"]
[SourceVersion "1"]
[SourceVersionDate "2019.02.26"]
[SourceQuality "1"]

1. e4 d6 2. d4 Nf6 3. Nc3 g6 4. f3 Bg7 5. Be3 0-0 6. Qd2 Nbd7 7. 0-0-0 b6 8. g4 c5 9. d5 Ne5 10. Be2 a6 11. Rf1 b5 12. h3 b4 13. Nd1 a5 14. g5 Ne8 15. f4 Nd7 16. Bd3 Ba6 17. Bxa6 Rxa6 18. h4 a4 19. h5 b3 20. f5 bxc2 21. Qxc2 Qb6 22. hxg6 hxg6 23. Qh2 Qb5 24. Qh7# 1-0

[Event "GER-chT U14 Girls"]
[Site "Magdeburg"]
[Date "2012.12.30"]
[Round "7.3"]
[White "Schaller, Bettina"]
[Black "Berdin, Victoria"]
[Result "1-0"]
[WhiteElo "1175"]
[BlackElo "1382"]
[PlyCount "97"]
[EventDate "2012.12.27"]
[EventType "team-swiss"]
[EventRounds "7"]
[EventCountry "GER"]
[SourceTitle "EXT 2014"]
[Source "ChessBase"]
[SourceDate "2013.11.20"]
[SourceVersion "1"]
[SourceVersionDate "2013.11.20"]
[SourceQuality "1"]
[WhiteTeam "Welper SV"]
[BlackTeam "Berlin Empor"]
[WhiteTeamCountry "GER"]
[BlackTeamCountry "GER"]

1. d4 d5 2. Bf4 Nc6 3. e3 a6 4. c3 f6 5. Bd3 e5 6. Bg3 b5 7. b3 e4 8. Bc2 Be6 9. Ne2 Bd6 10. Bxd6 Qxd6 11. Nf4 f5 12. 0-0 Nf6 13. b4 h5 14. h4 Ng4 15. a4 Rb8 16. axb5 axb5 17. Nd2 Bf7 18. Re1 Ne7 19. f3 exf3 20. Nxf3 Qf6 21. Ng5 Ng6 22. g3 Nf8 23. Kg2 Nd7 24. Qd2 Nb6 25. Ra7 Nc4 26. Qd3 Ngxe3+ 27. Rxe3+ Nxe3+ 28. Qxe3+ Kd7 29. Qe5 Qxe5 30. dxe5 Bg8 31. Bxf5+ Kd8 32. Nfe6+ Bxe6 33. Nxe6+ Ke8 34. Rxc7 Rh6 35. Rxg7 Rb6 36. Bg6+ Rxg6 37. Rxg6 Kf7 38. Rh6 Rxe6 39. Rxe6 Kxe6 40. Kf3 Kxe5 41. g4 d4 42. cxd4+ Kxd4 43. gxh5 Kc4 44. h6 Kxb4 45. h7 Ka3 46. h8Q b4 47. h5 b3 48. h6 b2 49. Qxb2+ 1-0

[Event "GER-chT U14 Girls"]
[Site "Magdeburg"]
[Date "2012.12.29"]
[Round "6.4"]
[White "Schaller, Bettina"]
[Black "Schubert, Lea Sophie"]
[Result "1-0"]
[WhiteElo "1175"]
[BlackElo "866"]
[PlyCount "29"]
[EventDate "2012.12.27"]
[EventType "team-swiss"]
[EventRounds "7"]
[EventCountry "GER"]
[SourceTitle "EXT 2014"]
[Source "ChessBase"]
[SourceDate "2013.11.20"]
[SourceVersion "1"]
[SourceVersionDate "2013.11.20"]
[SourceQuality "1"]
[WhiteTeam "Welper SV"]
[BlackTeam "Guestrow/Teterow"]
[WhiteTeamCountry "GER"]
[BlackTeamCountry "GER"]

1. d4 e6 2. c4 d5 3. Nc3 Bb4 4. a3 Bxc3+ 5. bxc3 Nf6 6. Bg5 0-0 7. e3 Nc6 8. Nf3 b6 9. Ne5 Bb7 10. cxd5 exd5 11. Bd3 h6 12. Bxf6 gxf6 13. Qg4+ Kh8 14. Qf5 Kg8 15. Qh7# 1-0

[Event "GER-chT U14 Girls"]
[Site "Magdeburg"]
[Date "2012.12.28"]
[Round "3.4"]
[White "Mueller, Jennifer"]
[Black "Schaller, Bettina"]
[Result "0-1"]
[WhiteElo "940"]
[BlackElo "1175"]
[PlyCount "56"]
[EventDate "2012.12.27"]
[EventType "team-swiss"]
[EventRounds "7"]
[EventCountry "GER"]
[SourceTitle "EXT 2014"]
[Source "ChessBase"]
[SourceDate "2013.11.20"]
[SourceVersion "1"]
[SourceVersionDate "2013.11.20"]
[SourceQuality "1"]
[WhiteTeam "Porz SG"]
[BlackTeam "Welper SV"]
[WhiteTeamCountry "GER"]
[BlackTeamCountry "GER"]

1. e4 d6 2. d4 Nf6 3. Nc3 g6 4. Nf3 Bg7 5. Bd2 0-0 6. Qc1 c6 7. e5 dxe5 8. dxe5 Nd5 9. Bc4 Bg4 10. Bxd5 cxd5 11. Bh6 Nc6 12. Bxg7 Kxg7 13. Qe3 d4 14. Nxd4 Nxd4 15. Rc1 Qd7 16. f3 Be6 17. Qf2 Nb5 18. Rd1 Qc6 19. Ne4 Rfc8 20. Rd2 Bf5 21. Qe2 Bxe4 22. fxe4 a6 23. Rf1 Rd8 24. Rf2 Rxd2 25. Kxd2 Rd8+ 26. Ke3 Qc5+ 27. Kf4 Nd4 28. Qd2 Ne6+ 0-1

[Event "GER-ch Net qual1 U14"]
[Site "Playchess.com INT"]
[Date "2011.05.01"]
[Round "3"]
[White "Schaller, Bettina"]
[Black "Yankelevich, Lev"]
[Result "0-1"]
[WhiteElo "1279"]
[BlackElo "1930"]
[PlyCount "98"]
[EventDate "2011.05.01"]
[EventType "swiss (blitz)"]
[EventRounds "7"]
[EventCountry "GER"]
[SourceTitle "CBM 142 Extra"]
[Source "ChessBase"]
[SourceDate "2011.06.27"]
[SourceVersion "1"]
[SourceVersionDate "2011.06.27"]
[SourceQuality "1"]

1. d4 d5 2. Bf4 c6 3. e3 Nf6 4. c3 Bf5 5. Bd3 Bxd3 6. Qxd3 e6 7. Nf3 Bd6 8. Ne5 0-0 9. 0-0 Nh5 10. Nd2 Nxf4 11. exf4 f6 12. Nef3 Bxf4 13. Rfe1 Re8 14. Rad1 Nd7 15. g3 Bd6 16. c4 Nf8 17. b3 Qd7 18. Re2 a6 19. Rde1 b5 20. c5 Bc7 21. b4 Ng6 22. h4 a5 23. h5 Nf8 24. a3 axb4 25. axb4 Ra4 26. Qb3 Rea8 27. Rb1 Qf7 28. h6 g6 29. Qe3 Ra3 30. Rb3 Rxb3 31. Qxb3 Qd7 32. Kg2 Qc8 33. Nf1 Qa6 34. Ne3 Qa3 35. Rb2 Qxb3 36. Rxb3 Nd7 37. Ng4 Kf7 38. Ne3 e5 39. Nc2 e4 40. Ng1 Nf8 41. Ra3 Rxa3 42. Nxa3 Ne6 43. Nc2 f5 44. Ne2 Bd8 45. Nf4 Bg5 46. f3 Nxf4+ 47. gxf4 Bxf4 48. fxe4 fxe4 49. Kf2 Bxh6 0-1

[Event "GER-chT U14 Girls"]
[Site "Gross Doelln"]
[Date "2010.12.29"]
[Round "5.4"]
[White "Schaller, Bettina"]
[Black "Siegel, Aurelia"]
[Result "1-0"]
[WhiteElo "975"]
[BlackElo "800"]
[PlyCount "85"]
[EventDate "2010.12.27"]
[EventType "team-swiss"]
[EventRounds "7"]
[EventCountry "GER"]
[SourceTitle "CBM 140 Extra"]
[Source "ChessBase"]
[SourceDate "2011.03.01"]
[SourceVersion "1"]
[SourceVersionDate "2011.03.01"]
[SourceQuality "1"]
[WhiteTeam "Welper SV"]
[BlackTeam "Koeln Porz"]
[WhiteTeamCountry "GER"]
[BlackTeamCountry "GER"]

1. d4 d5 2. Bf4 Bf5 3. e3 Nf6 4. Nf3 e6 5. c3 Bd6 6. Bd3 Bxd3 7. Qxd3 0-0 8. 0-0 Bxf4 9. exf4 Nbd7 10. Ne5 Nxe5 11. fxe5 Nd7 12. Nd2 c5 13. Nf3 h6 14. Qb5 b6 15. Rfe1 Qc7 16. Qe2 Rfe8 17. Rac1 Rac8 18. Qd2 c4 19. Qf4 b5 20. b4 cxb3 21. axb3 a5 22. b4 axb4 23. cxb4 Qb6 24. Rxc8 Rxc8 25. Rc1 Rc4 26. Rb1 Qc6 27. h3 Nb6 28. Kh2 Rc2 29. Qh4 Rc1 30. Rxc1 Qxc1 31. Qd8+ Kh7 32. Qxb6 Qc4 33. Qc5 Qd3 34. Qe7 Qb3 35. Qxf7 Qxb4 36. Qxe6 Qc4 37. Qf5+ Kg8 38. e6 Qc7+ 39. g3 Qe7 40. Qxd5 b4 41. Nh4 Kf8 42. Nf5 Qf6 43. e7+ 1-0

[Event "GER-chT U14 Girls"]
[Site "Gross Doelln"]
[Date "2010.12.28"]
[Round "3.4"]
[White "Jentzsch, Juliane"]
[Black "Schaller, Bettina"]
[Result "1-0"]
[WhiteElo "1091"]
[BlackElo "975"]
[PlyCount "177"]
[EventDate "2010.12.27"]
[EventType "team-swiss"]
[EventRounds "7"]
[EventCountry "GER"]
[SourceTitle "CBM 140 Extra"]
[Source "ChessBase"]
[SourceDate "2011.03.01"]
[SourceVersion "1"]
[SourceVersionDate "2011.03.01"]
[SourceQuality "1"]
[WhiteTeam "Chemnitz USG"]
[BlackTeam "Welper SV"]
[WhiteTeamCountry "GER"]
[BlackTeamCountry "GER"]

1. c4 d6 2. Nc3 Nf6 3. g3 g6 4. Bg2 Bg7 5. Nf3 0-0 6. 0-0 Nbd7 7. d3 Nb6 8. Bd2 c6 9. Qc1 Bf5 10. Bh6 Qd7 11. Bxg7 Kxg7 12. Re1 Bh3 13. Bh1 Rfe8 14. a3 c5 15. b4 Rac8 16. Ng5 Rc7 17. Nxh3 Qxh3 18. Bg2 Qf5 19. Nb5 Rd7 20. Nxa7 Ng4 21. Rf1 Qe5 22. e3 Nf6 23. Nb5 Na4 24. Qc2 Nb6 25. Qc3 Rb8 26. Qxe5 dxe5 27. bxc5 Na4 28. d4 exd4 29. exd4 Kg8 30. Rac1 Rdd8 31. c6 bxc6 32. Bxc6 Rb6 33. Bg2 Rbb8 34. Rfd1 Rbc8 35. Na7 Rc7 36. Nc6 Rdd7 37. Nb4 Nb2 38. Rd2 Nxc4 39. Rdc2 Rxd4 40. Bf1 Rcd7 41. Bxc4 Rd1+ 42. Rxd1 Rxd1+ 43. Kg2 Nd7 44. a4 Nb6 45. Bb5 Rd8 46. Nc6 Rd7 47. a5 Nd5 48. Rd2 Kg7 49. Nb4 Nf4+ 50. gxf4 Rxd2 51. a6 Rd1 52. Nc2 Rd8 53. Bc6 Rc8 54. a7 Kh6 55. Bb7 Rd8 56. a8Q Rxa8 57. Bxa8 e6 58. Ne3 Kg7 59. Bc6 Kf6 60. h4 h5 61. Kf3 Ke7 62. Ke4 Kf6 63. Bb7 Ke7 64. Ke5 Kf8 65. Kf6 Ke8 66. Nc4 Kf8 67. Nd6 Kg8 68. Nxf7 Kh7 69. Kxe6 Kg7 70. Be4 Kh7 71. Kf6 Kg8 72. Kxg6 Kf8 73. Kxh5 Kg7 74. Ne5 Kf6 75. f5 Kxe5 76. Kg6 Kd6 77. f6 Kd7 78. Kg7 Ke6 79. f7 Ke5 80. f8Q Kxe4 81. h5 Kd4 82. Qe7 Kd5 83. h6 Kd4 84. h7 Kd5 85. h8R Kd4 86. Rd8+ Kc4 87. Qc7+ Kb5 88. Rb8+ Ka4 89. Qa7# 1-0